000 00269nam a2200097Ia 4500
008 220204s9999 xx 000 0 und d
082 _a371.048(03)
_bENC
245 0 _aEncyclopedia of careers and vocational guidance. 2 V
260 _aUSA
_bFerguson Pub
_c1972
942 _cBK
999 _c28119
_d28119